MARC details
| 000 -CABECERA |
| campo de control de longitud fija |
03456nam a22003977a 4500 |
| 001 - NÚMERO DE CONTROL |
| campo de control |
BRCA_8569 |
| 002 - NÚMERO DE PROCEDENCIA |
| campo de control |
s/no. |
| 003 - IDENTIFICADOR DEL NÚMERO DE CONTROL |
| campo de control |
FranzMayer |
| 005 - FECHA Y HORA DE LA ÚLTIMA TRANSACCIÓN |
| campo de control |
20260507110012.0 |
| 006 - CÓDIGOS DE INFORMACIÓN DE LONGITUD FIJA--CARACTERÍSTICAS DEL MATERIAL ADICIONAL |
| campo de control de longitud fija |
a||||fr|||| 000 0 |
| 007 - CAMPO FIJO DE DESCRIPCIÓN FÍSICA--INFORMACIÓN GENERAL |
| campo de control de longitud fija |
tz |
| 008 - DATOS DE LONGITUD FIJA--INFORMACIÓN GENERAL |
| campo de control de longitud fija |
251006s1622 -naa|||f f||| 000 0 dut d |
| 040 ## - FUENTE DE LA CATALOGACIÓN |
| Centro catalogador/agencia de origen |
BMFM |
| Lengua de catalogación |
spa |
| 041 0# - CODIGO DE IDIOMA |
| Código de idioma para texto/pista de sonido o título separado |
dut |
| 050 #0 - SIGNATURA TOPOGRÁFICA DE LA BIBLIOTECA DEL CONGRESO |
| Número de clasificación |
ND1290 |
| Número de documento/Ítem |
.D87 1622 |
| 100 1# - ENTRADA PRINCIPAL--NOMBRE DE PERSONA |
| Nombre de persona |
Dürer, Albrecht |
| Fechas asociadas al nombre |
(1471-1528) |
| 9 (RLIN) |
48 |
| Código de función/relación |
autor |
| 245 10 - MENCIÓN DE TÍTULO |
| Título |
Beschryvinghe van de Albrecht Durer, van de menschelijke proportion / |
| Mención de responsabilidad, etc. |
Albrecht, Dürer |
| 246 11 - FORMA VARIANTE DE TÍTULO |
| Título propio/Titulo breve |
Descripción de Albrecht Dürer sobre la proporción humana |
| 260 ## - PUBLICACIÓN, DISTRIBUCIÓN, ETC. |
| Lugar de publicación, distribución, etc. |
Arnhem, Países Bajos: |
| Nombre del editor, distribuidor, etc. |
Jan Jansz, |
| Fecha de publicación, distribución, etc. |
1622 |
| 300 ## - DESCRIPCIÓN FÍSICA |
| Extensión |
161 páginas : |
| Otras características físicas |
Ilustraciones y diagramas xilográficos ; |
| Dimensiones |
31.2 x 21.5 x 4.2 cm |
| 520 3# - SUMARIO, ETC. |
| Sumario, etc. |
Edición holandesa de uno de los libros de la obra: "Vier Bücher von menschlicher Proportion" (Cuatro libros de proporciones humanas) del artista Albrecht Dürer, también concido en español como Alberto Durero. |
| Ampliación de la nota de sumario |
Inspirado en los tratados estéticos de Vitruvio; Villard de Honnecourt; Alberti y Leonardo da Vinci, en este libro Dürer analiza las proporciones del cuerpo humano según distintos tipos físicos. Su relevancia radica en que fue uno de los primeros artistas en abordar la antropometría comparativa y diferencial, demostrando, según reglas matemáticas, cómo varían las proporciones en cuerpos de distintas características y edades (niños, adultos, personas delgadas, corpulentas, entre otros). |
| 563 ## - NOTA DE ENCUADERNACIÓN |
| Nota de encuadernación |
Otras referencias físicas: Encuadernación entera en pergamino. El papel del cuerpo del libro está formado por pulpa de trapo, hecho a mano, con marcas de verjurado. El cuerpo del libro está formado por cuadernillos unidos mediante costura alternada sobre cuatro soportes de costura sencillos y elevados, de piel alumada. Las prolongaciones se usaron para unir el cuerpo a la cartera. El cuerpo presenta escartivanas a las que se adhirieron y cosieron láminas desplegables. Lomera recta con endoses de tela en los cinco paneles. En los paneles de cabeza y pie (uno y cinco) endoses de papel. Cabezadas tejidas con hilo azul, con almas de piel alumada y prolongaciones enlazadas a la cartera. Cantos del cuerpo refinados. Soportes de las tapas probablemente de cartón. Cartera con extensiones al frente. Rótulo manuscrito en el lomo. Texto impreso. La tipografía en las dos últimas páginas es distinta al resto |
| 591 ## - ESTADO DE CONSERVACIÓN |
| Estado de conservación |
Estado de Conservación: Bueno |
| 591 ## - ESTADO DE CONSERVACIÓN |
| Descripción de conservación |
Descripción de conservación: Libro con intervenciones: hojas de guarda repuestas, hojas reforzadas, portada laminada. Presenta manchas y suciedad leve (especialmente en primeras y últimas hojas), algunas roturas y faltantes en las hojas, foxing, oxidación del papel, cabezadas desprendidas del cuerpo |
| 592 ## - MARCAS ADICIONALES |
| MARCAS ADICIONALES |
Marcas Adicionales: Ilustraciones y diagramas xilográficos. Monograma de Albrecht Dürer en la portada. Letras iniciales xilografías |
| 593 ## - COLECCIÓN ADICIONAL |
| Colección adicional |
Tratados, compendios y manuales |
| 600 10 - PUNTO DE ACCESO ADICIONAL DE MATERIA--NOMBRE DE PERSONA |
| Nombre de persona |
Dürer, Albrecht |
| Fechas asociadas al nombre |
1471-1528 |
| Subdivisión general |
Works on proportions |
| 9 (RLIN) |
30066 |
| 650 10 - PUNTO DE ACCESO ADICIONAL DE MATERIA--TÉRMINO DE MATERIA |
| Término de materia o nombre geográfico como elemento de entrada |
Anatomy, Artistic |
| 9 (RLIN) |
30067 |
| 650 10 - PUNTO DE ACCESO ADICIONAL DE MATERIA--TÉRMINO DE MATERIA |
| Término de materia o nombre geográfico como elemento de entrada |
Human figure in art |
| Subdivisión cronológica |
Early works to 1800 |
| 9 (RLIN) |
30068 |
| 650 10 - PUNTO DE ACCESO ADICIONAL DE MATERIA--TÉRMINO DE MATERIA |
| Término de materia o nombre geográfico como elemento de entrada |
Proportion (Art) |
| Subdivisión cronológica |
Early works to 1800 |
| 9 (RLIN) |
30069 |
| 700 1# - PUNTO DE ACCESO ADICIONAL--NOMBRE DE PERSONA |
| Término indicativo de función/relación |
editor |
| Nombre de persona |
Jansz, Jan |
| 9 (RLIN) |
30070 |
| 856 41 - LOCALIZACIÓN Y ACCESO ELECTRÓNICOS |
| Tipo de formato electrónico |
TIFF//PDF |
| Identificador Uniforme del Recurso |
<a href="https://bibliotecadigital.franzmayer.org.mx/items/602014b3-a8a6-46ee-ab01-ae1c6ef3e086">https://bibliotecadigital.franzmayer.org.mx/items/602014b3-a8a6-46ee-ab01-ae1c6ef3e086</a> |
| Texto de enlace |
Biblioteca Digital Franz Mayer |
| 902 ## - CATALOGADOR |
| Iniciales |
KH |
| -- |
TV |
| -- |
FM |
| 942 ## - ELEMENTOS DE PUNTO DE ACCESO ADICIONAL (KOHA) |
| Fuente del sistema de clasificación o colocación |
Library of Congress Classification |
| Tipo de ítem Koha |
Libros |
| 960 ## - LOCALIZACIÓN FÍSICA (RLIN) |
| Localización física, PLOC (RLIN) |
CS-L3-N2 |
| 952 ## - LOCALIZACIÓN E INFORMACIÓN DEL ÍTEM/UNIDAD FÍSICA (KOHA) |
| Localización permanente |
Biblioteca del Museo Franz Mayer (Rogerio Casas-Alatriste) |
| Ubicación/localización actual |
Biblioteca del Museo Franz Mayer (Rogerio Casas-Alatriste) |
| Información codificada de la localización en otra ubicación |
CS-L3-N2 |
| Número de procedencia |
s/no. |
| Total de préstamos |
0 |
| Signatura topográfica completa |
ND1290 .D87 1622 |
| Código de barras |
LAR00073 |
| Fecha visto por última vez |
2025-10-06 18:52:00 |
| Tipo de ítem Koha |
Libros |
| Estado del ejemplar |
El ejemplar forma parte de la colección y puede ser consultado según las políticas vigentes. |
| Estado de pérdida |
|
| Restricciones de uso |
Además de la credencial vigente, se requiere carta de motivos para autorizar la consulta. |
| Disponibilidad para consulta |
|
| Código de colección |
Libros Antiguos y Raros |